Solutions pre-intermediate student´s book /

Guardado en:
Autor Principal: Falla, Tim
Otros Autores: Davies, Paul A.
Formato: Libro
Publicado: Oxford : Oxford University Press, 2016
Edición:2a. ed.
Materias:
Etiquetas: Agregar Etiqueta
Sin Etiquetas, Sea el primero en etiquetar este registro!
LEADER 00589nam a22002055a 4500
001 CEM.cems014894
005 20180419155833.0
008 130507s2016##################000#0#####d
003 CEMS
020 |a 9780194552875 
082 0 4 |a 428.64 
100 1 |a Falla, Tim 
245 1 0 |a Solutions pre-intermediate student´s book /  |c Tima Falla y Paul A Davies 
250 |a 2a. ed. 
260 |a Oxford :  |b Oxford University Press,  |c 2016 
300 |a 133 p. 
653 |a Inglés-texto 
653 |a Inglés 
700 1 |a Davies, Paul A. 
859 |a CEMS  |b BIB. CEMS - 11 de abril  |h 428.64  |i F185-8  |p 27490.18  |t Ej.1